000 00479pam a2200157a 44500
008 230515b2019 xxu||||| |||| 00| 0 eng d
020 _a9789383864270
041 _aENGLISH
082 _a000
100 _aMINISTRY OF AYUSH
245 _aGLIMPSES OF CCRAS CONTRIBUSTION 50 CLORIOUS YEAR MEDICINAL PLANTS RESEARCH
250 _aI
260 _aNEW DELHI
_bNULL
_c2019
300 _a131
650 _aGLIMPSES OF CCRAS CONTRIBUSTION 50 CLORIOUS YEAR MEDICINAL PLANTS RESEARCH
999 _c502258
_d502258